000 00676nam a2200253Ia 4500
003 OSt
005 20221006161012.0
006 a|||||r|||| 00| 0
007 ta
008 221006b |||||||| |||| 00| 0 eng d
020 _a9788996399780
024 _a47,087
037 _cTextual
040 _aEASL
_cEASL
_beng
041 _2eng
_aeng
082 _aX56:9J2.495, Q1
100 _aBANG Nanette Cruz
_9675673
245 0 _aSurvival tips for migrantwives in South Korea
260 _aKorea
_bShiny world
_c2011
300 _a95p.
_ccm.
490 _v KEL
942 _hX56:9J2.495, Q1
_cTEXL
_2CC
999 _c1115176
_d1115176